01284agaaa2200277 45000010005000000030009000050050017000140070009000310080040000400400023000800410013001031000044001161300029001602400047001892450118002362460040003542500022003942600101004163000034005175110065005515200243006165380009008595460013008686500069008817000056009500901IT-RoPAU20220918181304.0d cvaizq50131s9999||||xx ||| | || ||und|| aIT-RoPAUcIT-RoPAU aITALIANO aBrahm JohngCodice regista SPICS: 38721 aNOSTRA SIGNORA DI FATIMA aMIRACLE OF OUR LADY OF FATIMA (THE)gT2594 aNOSTRA SIGNORA DI FATIMAcDiretto da: Brahm JohnpNOSTRA SIGNORA DI FATIMA (Rif. Codice opera principale : V0901) aMIRACLE OF OUR LADY OF FATIMA (THE) aEdizione Standard a(USA)bWARNER BROS / Distribuzione: SPF FIRENZEg"1952 (1° ed.: 1993 ; Ed. Lingua Orig.: 1952)" a16MMbsonoro, b&wc120 minuti a"Roland Gilbert; Clark Angela; Silvera Frank; Whitney Susan" aIL FILM E' IL RESOCONTO DEGLI AVVENIMENTI MIRACOLOSI AVVENUTI A FATIMA IN PORTOGALLO NEL 1917. LA PICCOLA LUCIA DOS SANTOS MENTRE CONDUCE LE PECORE INSIEME AI SUOI DUE CUGINETTI VEDE LA MADONNA. FILM A COLORI. PELLICOLA IN DISCRETO STATO. aMONO aITALIANO aBIOGRAFICOePELLICOLE CINEMA [16 MM]xCodice MATERIA SPICS: 9955 aBrahm John e(regista)gCodice regista SPICS: 38721